000 00864nam a2200229 a 4500
001 000037721
005 20241030120344.0
008 121115s2012 ja a r 000 0 spa d
040 _aDO-SdBNP
_bspa
_cBNPHU
082 _a635.9
_bO41h
100 1 _aOkamura, Katsushi
_964182
245 1 0 _aHacia una ciudad con flores :
_bideas y planificación para crear espacios bonitos en la ciudad /
_cKatsushi Okamura.
260 _a[Santo Domingo] :
_bJICA,
_bADN,
_c2012.
300 _a75 p. :
_bil. ;
_c21 cm.
590 _aInventariado, 2018/BT
650 4 _aFlores
_xJardinería
_964183
650 4 _aFlores
_vMANUALES
_964184
650 4 _aPlantas ornamentales
_964185
710 1 2 _a Japan International Cooperation Agency
_922217
710 1 2 _aSanto Domingo, República Dominicana. Ayuntamiento del Distrito Nacional
_964186
910 _aValidado. Control de calidad. MFF
999 _c37211
_d37211